000
00234nam a2200097Ia 4500
005
20251222114346.0
008
251222s1900||||xx |||||||||||||| ||spa||
082
_a
DVD0092/S25/2006
245
0
_a
Detrás del código Da Vinci:
942
_c
DVD
999
_c
1048
_d
1048